| 000 | 00345nam a2200109Ia 4500 | ||
|---|---|---|---|
| 008 | 180305s9999 xx 000 0 und d | ||
| 020 | _a1858688221 | ||
| 100 | _aCox, Gerry | ||
| 245 |
_cGerry Cox _aThe Dictionary of Sport: _bThe Complete guide for TV viewers, Spectators and Players/ |
||
| 260 |
_aItaly _bCarlton Books _c1999 |
||
| 300 | _a400 Pages | ||
| 999 |
_c356068 _d356068 |
||